000
00173 a2200097 4500
020
_a
0375812172
041
_a
spa
100
_a
Kulling,Monica
245
_a
Horses
942
_c
BK
999
_c
3424
_d
3424